Visual thinking / (Record no. 353869)

000 -LEADER
fixed length control field 01430nam a2200289 a 4500
001 - CONTROL NUMBER
control field ASIN0520242262
003 - CONTROL NUMBER IDENTIFIER
control field OSt
005 - DATE AND TIME OF LATEST TRANSACTION
control field 20180116192420.0
008 - FIXED-LENGTH DATA ELEMENTS--GENERAL INFORMATION
fixed length control field 140128s2004 xxu eng d
020 ## - INTERNATIONAL STANDARD BOOK NUMBER
International Standard Book Number 0520242262 (paperback)
Terms of availability $29.95
020 ## - INTERNATIONAL STANDARD BOOK NUMBER
International Standard Book Number 9780520242265 (paperback)
040 ## - CATALOGING SOURCE
Transcribing agency SADA
050 04 - LIBRARY OF CONGRESS CALL NUMBER
Classification number N70
082 04 - DEWEY DECIMAL CLASSIFICATION NUMBER
Classification number 701
100 1# - MAIN ENTRY--PERSONAL NAME
Personal name Arnheim, Rudolf.
9 (RLIN) 7224
245 10 - TITLE STATEMENT
Title Visual thinking /
Statement of responsibility, etc. Rudolf Arnheim.
250 ## - EDITION STATEMENT
Edition statement First Edition, Thirty-Fifth Anniversary Printing.
260 ## - PUBLICATION, DISTRIBUTION, ETC.
Place of publication, distribution, etc. [S.l.] :
Name of publisher, distributor, etc. University of California Press,
Date of publication, distribution, etc. 2004.
300 ## - PHYSICAL DESCRIPTION
Extent 352 p. ;
Dimensions 23 cm.
500 ## - GENERAL NOTE
General note Deluxe Edition.
520 ## - SUMMARY, ETC.
Summary, etc. For thirty-five years Visual Thinking has been the gold standard for art educators, psychologists, and general readers alike. In this seminal work, Arnheim, author of The Dynamics of Architectural Form, Film as Art, Toward a Psychology of Art, and Art and Visual Perception, asserts that all thinking (not just thinking related to art) is basically perceptual in nature, and that the ancient dichotomy between seeing and thinking, between perceiving and reasoning, is false and misleading. An indis-pensable tool for students and for those interested in the arts.
650 #0 - SUBJECT ADDED ENTRY--TOPICAL TERM
Topical term or geographic name entry element Art--Philosophy
9 (RLIN) 7225
650 #0 - SUBJECT ADDED ENTRY--TOPICAL TERM
Topical term or geographic name entry element Art--Psychology
9 (RLIN) 7226
650 #0 - SUBJECT ADDED ENTRY--TOPICAL TERM
Topical term or geographic name entry element Visual perception
9 (RLIN) 7227
856 40 - ELECTRONIC LOCATION AND ACCESS
Materials specified Amazon.com
Uniform Resource Identifier <a href="http://www.amazon.com/exec/obidos/ASIN/0520242262/chopaconline-20">http://www.amazon.com/exec/obidos/ASIN/0520242262/chopaconline-20</a>
942 ## - ADDED ENTRY ELEMENTS (KOHA)
Source of classification or shelving scheme
Koha item type Book
Holdings
Withdrawn status Lost status Source of classification or shelving scheme Damaged status Not for loan Permanent Location Current Location Date acquired Total Checkouts Total Renewals Full call number Barcode Date last seen Date last checked out Cost, replacement price Price effective from Koha item type
          School of Art Design and Architecture (SADA) School of Art Design and Architecture (SADA) 01/15/2014 6 4 701 ARN 2004 SADA0002186 05/19/2016 04/28/2016 2323.20 01/28/2014 Book
© 2023 Central Library, National University of Sciences and Technology. All Rights Reserved.